书目信息 |
| 题名: |
剑桥商务英语教程自学辅导手册
|
|
| 作者: | 周炜 编著 | |
| 分册: | ||
| 出版信息: | 北京 华夏出版社 1995.07 |
|
| 页数: | 280页 | |
| 开本: | 16开 | |
| 丛书名: | ||
| 单 册: | ||
| 中图分类: | H319.9 | |
| 科图分类: | ||
| 主题词: | 英语 | |
| 电子资源: | ||
| ISBN: | 7-5080-0767-0 | |
| 000 | 00600nam0 2200205 45 | |
| 001 | 0005181749 | |
| 005 | 20000518173341.8 | |
| 010 | @a7-5080-0767-0@d29.00元 | |
| 100 | @a20000518d1995 km y0chiy0120 ea | |
| 101 | @achi | |
| 105 | @a z 000yy | |
| 200 | 1 | @a剑桥商务英语教程自学辅导手册@AJian Qiao Shang Wu Ying Yu Jiao Cheng Zi Xue Fu Dao Shou Ce@f周炜编著@FZhou Wei Bian Zhu |
| 205 | @a1 | |
| 210 | @a北京@c华夏出版社@d1995.07 | |
| 215 | @a280页@d16开 | |
| 606 | 0 | @a英语 |
| 690 | @aH319.9@v3 | |
| 701 | @a周炜@4编著 | |
| 801 | @aCN@bPftUser@c20000518 | |
| 905 | @f3@b55925-927@dH319.9@eZH.125 | |
| 剑桥商务英语教程自学辅导手册/周炜编著.-1.-北京:华夏出版社,1995.07 |
| 280页;16开 |
| ISBN 7-5080-0767-0:29.00元 |
| ● |
| 相关链接 |
|
|
|
正题名:剑桥商务英语教程自学辅导手册
索取号:H319.9/ZH.125
 
预约/预借
| 序号 | 登录号 | 条形码 | 馆藏地/架位号 | 状态 | 备注 |
| 1 | 55925 | 200559252 | 语言库209/209语言库 114排2列4层/ [索取号:H319.9/ZH.125] | 在馆 | |
| 2 | 55926 | 200559261 | 语言库209/209语言库 114排2列4层/ [索取号:H319.9/ZH.125] | 在馆 | |
| 3 | 55927 | 200559270 | 语言库209/209语言库 114排2列4层/ [索取号:H319.9/ZH.125] | 在馆 | |
| 4 | 56001 | 200560017 | 语言库209/209语言库 114排2列4层/ [索取号:H319.9/ZH.125] | 在馆 | |
| 5 | 56002 | 200560026 | 语言库209/209语言库 114排2列4层/ [索取号:H319.9/ZH.125] | 在馆 | |
| 6 | 56003 | 200560035 | 语言库209/209语言库 114排2列4层/ [索取号:H319.9/ZH.125] | 在馆 |